000 00455nam a2200193Ia 4500
005 20240823014007.0
008 240823s9999||||xx |||||||||||||| ||und||
020 _a81-7008-079-7
041 _aENGLISH
082 _A625.723 N4
100 _aPunmia B C et al.
245 0 _aSurveying Vol - II
250 _a12th
260 _c1994
_b"Laxmi,New "
_aNew Delhi
500 _aTRANSFERED
650 _aSurveying
_bCivil
942 _cBK
999 _c168818
_d168818